Manual de Derecho comunitario Centro Americano/ (Registro nro. 9768)
[ vista simple ]
| 000 -LEADER | |
|---|---|
| fixed length control field | 01475nam a2200217Ia 4500 |
| 005 - FECHA Y HORA DE LA ÚLTIMA TRANSACCIÓN | |
| control field | 20231013114204.0 |
| 008 - FIXED-LENGTH DATA ELEMENTS--GENERAL INFORMATION | |
| fixed length control field | 231013s9999 xx 000 0 und d |
| 020 ## - INTERNATIONAL STANDARD BOOK NUMBER | |
| International Standard Book Number | 978-99923-71-74-9 |
| 040 ## - CATALOGING SOURCE | |
| Original cataloging agency | UPAN |
| Transcribing agency | Biblioteca San Vicente |
| Description conventions | RCAA2 |
| 041 ## - LANGUAGE CODE | |
| Language code of text/sound track or separate title | spa |
| 082 ## - DEWEY DECIMAL CLASSIFICATION NUMBER | |
| Classification number | 341.4 |
| Item number | S253m |
| año de publicación | 2009 |
| 100 ## - MAIN ENTRY--PERSONAL NAME | |
| Personal name | Salazar Grande, César Ernesto |
| Relator code | aut. |
| 245 #0 - TITLE STATEMENT | |
| Title | Manual de Derecho comunitario Centro Americano/ |
| Statement of responsibility, etc | Cesar Ernesto Salazar Grande, Enrique Napoleón Ulate Chacón |
| 250 ## - EDITION STATEMENT | |
| Edition statement | 1° ed. |
| 260 ## - PUBLICATION, DISTRIBUTION, ETC. (IMPRINT) | |
| Place of publication, distribution, etc | s.l.: |
| Name of publisher, distributor, etc | Orbi iure, |
| Date of publication, distribution, etc | 2009 |
| 300 ## - PHYSICAL DESCRIPTION | |
| Extent | 256 p.; |
| Dimensions | 23 cm. |
| 505 ## - FORMATTED CONTENTS NOTE | |
| Formatted contents note | Primera parte. El sistema institucional del SICA, Capitulo I. Los tratados institucionales del SICA, Capitulo II. Los organos del sistema polìtico y subsistemas, Capitulo III. Fuentes constitucionales, principios comunitarios y aplicaciòn jurisprudencial, Segunda parte. El ordenamiento juridico del SICA, Capitulo IV. Las fuentes del Derecho Comunitario Centroamericano, Capitulo V. Jerarquìa de las fuentes del Derecho Comunitario Centroamericano, Capitulo VI. Caracteristicas del Derecho Comunitario, Tercera parte. Derecho procesal comunitario, Capitulo VII. El sistema jurisdiccional, Capitulo VIII. Competencias y otras atribuciones, Capitulo IX. El procedimiento comunitario, Capitulo X. El mecanismo de soluciòn de controversias comerciales |
| 650 ## - SUBJECT ADDED ENTRY--TOPICAL TERM | |
| Form subdivision | Manual |
| General subdivision | Derecho de Integración |
| Geographic subdivision | Centro America |
| 700 ## - ADDED ENTRY--PERSONAL NAME | |
| Personal name | Ulate Chacón, Enrique Napoleón |
| Relator code | aut. |
| 942 ## - ADDED ENTRY ELEMENTS (KOHA) | |
| Koha item type | Libros |
| Source of classification or shelving scheme | Dewey Decimal Classification |
| Withdrawn status | Lost status | Source of classification or shelving scheme | Damaged status | Not for loan | Collection code | Home library | Current library | Date acquired | Total Checkouts | Full call number | Barcode | Date last seen | Copy number | Price effective from | Koha item type |
|---|---|---|---|---|---|---|---|---|---|---|---|---|---|---|---|
| Dewey Decimal Classification | Referencia | Biblioteca UPAN San Vicente | Biblioteca UPAN San Vicente | 13/10/2023 | 341.4 S253m | 12003019 | 13/10/2023 | 01 | 13/10/2023 | Referencia | |||||
| Dewey Decimal Classification | Referencia | Biblioteca UPAN San Vicente | Biblioteca UPAN San Vicente | 13/10/2023 | 341.4 S253m | 12003020 | 13/10/2023 | 02 | 13/10/2023 | Libros | |||||
| Dewey Decimal Classification | Referencia | Biblioteca UPAN San Vicente | Biblioteca UPAN San Vicente | 13/10/2023 | 341.4 S253m | 12003021 | 13/10/2023 | 03 | 13/10/2023 | Referencia |